000 00452nam a2200181Ia 4500
005 20250326141406.0
008 250326s9999 xx 000 0 und d
037 _aTextbook
040 _aFMSL
_beng
_cFMSL
041 _aeng
_2eng
084 _qFMSL
100 _aIMF
_9744340
245 0 _aWorld Economic outlook oct. 1997
_cIMF
260 _aWashington
_bWashington, IMF
_c1991
300 _a171p
942 _cTB
999 _c1290095
_d1290095